000 00621nam a22001817a 4500
005 20240319110452.0
010 _aENG-139777
020 _c147.50
035 _aEN-123309
037 _bDBAD/PUB
082 _a337.3
_21
245 _aPublic finance and International economics
_bFor B.A third year of all universities,entrance examination & other competitive exam
250 _a1
260 _aHyderabad
_bLorven publications
_c2012
270 _a3-5-1108, Maruthi complex, narayanguda
_bHyderabad
_e500029
_k24753066
_l91-40-66365445
300 _a176p.
_c20cm(pbk)
942 _2ddc
_cEN
_h337.3
_mPub
_e1
999 _c201582
_d201582